| Tag |
First Indicator |
Second Indicator |
Subfields |
| LEADER |
00000cam a2200000 4500 |
| 001 |
in00000060031 |
| 005 |
20151008051038.0 |
| 008 |
720815s1931 eng u |
| 010 |
|
|
|a 31006500
|
| 035 |
|
|
|a (OCoLC)00382897
|
| 035 |
|
|
|9 AAG5269AM
|
| 040 |
|
|
|c WSU
|d TXA
|d UtOrBLW
|
| 049 |
|
|
|a TXAM
|c [414190]
|
| 090 |
|
|
|a BL48
|b .T26
|
| 092 |
|
|
|a 201
|b T128r
|
| 100 |
1 |
|
|a Tagore, Rabindranath,
|d 1861-1941.
|
| 245 |
1 |
4 |
|a The religion of man.
|
| 264 |
|
1 |
|a New York :
|b The Macmillan company,
|c 1931.
|
| 300 |
|
|
|a 244 pages
|
| 336 |
|
|
|a text
|b txt
|2 rdacontent
|
| 337 |
|
|
|a unmediated
|b n
|2 rdamedia
|
| 338 |
|
|
|a volume
|b nc
|2 rdacarrier
|
| 490 |
0 |
|
|a The Hibbert lectures for 1930
|
| 650 |
|
0 |
|a Religion
|x Philosophy.
|
| 999 |
|
|
|a MARS
|
| 999 |
f |
f |
|s 07ac9db8-9560-35a6-b3ca-c86de9e60083
|i a07dd541-af91-39a8-a701-c866827d10a6
|t 0
|
| 952 |
f |
f |
|p normal
|a Texas A&M University
|b College Station
|c Sterling C. Evans Library
|d Evans: Library Stacks
|t 0
|e BL48 .T26
|h Library of Congress classification
|i unmediated -- volume
|m A14800598440
|
| 998 |
f |
f |
|a BL48 .T26
|t 0
|l Evans: Library Stacks
|